Un Cuadro para el Museo Marítimo
Colección:
San Jorge,
; núm. 5 (gener 1952), pàg 48
Idioma:
Español
MARC
| LEADER | 00000naa a2200000 a 4500 | ||
|---|---|---|---|
| 003 | Arxiu | ||
| 005 | 20260324181040.0 | ||
| 008 | 160829s1952 spc xx spa c | ||
| 040 | |a agdb | ||
| 245 | 0 | 3 | |a Un Cuadro para el Museo Marítimo |
| 490 | |a San Jorge, |v núm. 5 (gener 1952), pàg 48 | ||
| 610 | 0 | |9 10020 |a Museu Marítim (Barcelona, Catalunya) | |
| 610 | 2 | 0 | |9 54542 |a Amigos de los Museos (Barcelona, Catalunya) |
| 773 | |t San Jorge. |g Núm. 5 (gener 1952), pàg 48 | ||
| 901 | |a Arxiu | ||
| 942 | |n 1 |2 udc |c ART | ||
| 952 | |0 0 |1 0 |4 0 |6 REV508 |7 1 |9 64618 |a Arxiu |b Arxiu |d 2022-12-02 |l 0 |o Rev-508 |r 2022-12-02 00:00:00 |w 2022-12-02 |y ARXIU |z També disponible a Rev-521 | ||
| 999 | |c 49002 |d 49002 | ||